000 01226nam a2200373Ia 4500
001 dia_1455
003 CHAP
005 20240305114952.0
008 220117s1985 xx 000 0 und d
010 _a171995
020 _a968-18-1788-5
040 _cCHAP
082 _a658.15 T39 1985
100 _aTaylor, George A.
_9150793
245 _aIngeniería económica /
_c George Taylor A. ; tradución Alfredo Díaz Mata
250 _a2a ed.
260 _aMéxico :
_b Limusa,
_c1985
300 _a640 p.
500 _aTítulo original: Managerial and engineering economy: economic decision-making
503 _aI.142712 (ej.1) \ I.142713 (ej.2) \ I.142711 (ej.3)
504 _aBibliografía: p. 585-588
590 _aHD30.22 T39 1985
650 _aAdministración financiera
_9150794
650 _aDecision
_xmaking
_9150795
650 _aEngineering economy
_9150780
650 _aIngeniería económica
_958222
650 _aManagerial economics
_9150796
650 _aToma de decisiones
_9113662
700 _aDíaz Mata, Alfredo, tr.
_9150797
901 _a658.15 T39 1985
902 _aM
905 _a5232271985 mx mn 8222223322spa16
942 _cLIBRO
_2ddc
999 _c171995
_d171995